000 00577nam a2200169 i 4500
001 19752
003 ES-MaACL
005 20230906152147.0
007 t|
008 021011s1977 sp ||||1| spa d
100 1 _aAbrisqueta Martínez, Jaime,
_d1930-2009
_918177
245 1 3 _aLa organización consular
_b: (el Derecho consular internacional y la legislación española sobre la institución consular) /
_cJaime Abrisqueta Martínez.
260 _a[Madrid] :
_bReus,
_c[1977]
300 _a557 p. ;
_c22 cm.
852 _aES-MaACL
_jA-7966
_bR.96994
999 _c19752
_d19752